| 000 | 00605nam a22002057a 4500 | ||
|---|---|---|---|
| 999 |
_c2694 _d2694 |
||
| 003 | AR-CdUCM | ||
| 008 | 190305b ||||| |||| 00| 0 spa d | ||
| 020 | _a84-01-30155-6 | ||
| 040 |
_aMUNICIPALIDAD PROVINCIAL DEL CUSCO _cBIBLIOTECA MUNICIPAL DEL CUSCO |
||
| 082 |
_a869.634 / _bG22 |
||
| 100 |
_aGarcía Márquez, Gabriel _9490 |
||
| 245 | _aEl otoño del patriarca / | ||
| 260 |
_aBarcelona : _bPlaza & Janes, _c1975. |
||
| 300 |
_a271 páginas ; _c19.5 cm. |
||
| 650 |
_aNovela _95 |
||
| 650 |
_aDictaduras latinoamericanas _99451 |
||
| 650 |
_aSiglo XX. _98 |
||
| 942 |
_2ddc _cLIBROS |
||
| 945 | _aafb | ||